000 01060nam a22003617a 4500
001 000096267
003 CHAP
005 20220817044125.0
008 060914d2005 it rn 00110 eng d
010 _a92733
011 _a93705
020 _a9250053886
035 _a104285
040 _cCHAP
082 0 4 _a639.2
_bF46y v.783
110 2 _aFAO
245 1 0 _aReport of the session of the regional commission for fisheries (3o.) :
_bDoha, Qatar, 9-11 may 2005 /
_cby FAO.
260 _aRome :
_bFAO,
_c2005.
300 _a19 p.
490 0 _aFAO. Informe de pesca
_v; 783
590 _aBATCH-UPD
_b10
_c20130110
_lUCH01
_h1045
590 _aCONVERSION
_b10
_c20130109
_lUCH01
_h1351
590 _aE5995AHE
_b05
_c20150519
_lUCH01
_h0918
590 _aE5995AHE
_b05
_c20150519
_lUCH01
_h0932
650 1 4 _aPesca.
650 1 4 _aPesca
_xLeyes.
_987396
830 0 _aFAO. Informe de pesca
_v; 783
_939587
901 _aBK
905 _aLilia
942 _cLIBRO
942 _n0
949 _a639.3 F39 v.783
_bBC
_cFAO
_d33724000994141
_eFAO1
_h108229
_i104285
_sb
999 _c92733
_d92733